10 Islas más Grandes por Continente - Estadísticas

Estadísticas generales
  • Esta prueba ha sido intentada 87 veces
  • La puntuación promedio es 24 de 70
Estadísticas de respuestas
País Tamaño Isla % Correcto
Madagascar 587.713 km² Madagascar
89%
Dinamarca 2.130.800 km² Groenlandia
81%
Cuba 105.806 km² Cuba
78%
Islandia 101.826 km² Islandia
78%
Mauricio 1.836 km² Mauricio
77%
Haití y República Dominicana 76.480 km² La Española
74%
Francia 8.741 km² Córcega
73%
Reino Unido 209.331 km² Gran Bretaña
73%
Irlanda y Reino Unido 81.638 km² Irlanda
73%
Italia 25.662 km² Sicilia
73%
Indonesia 138.794 km² Java
72%
Italia 23.949 km² Cerdeña
70%
Brunéi, Indonesia y Malasia 748.168 km² Borneo
68%
España 1.560 km² Gran Canaria
68%
España 2.034 km² Tenerife
68%
Sri Lanka 65.268 km² Sri Lanka
65%
Australia 64.519 km² Tasmania
65%
Indonesia y Papúa Nueva Guinea 785.753 km² Nueva Guinea
64%
Nueva Zelanda 111.583 km² Norte
63%
Nueva Zelanda 145.836 km² Sur
63%
Indonesia 443.066 km² Sumatra
60%
Francia 2.535 km² Reunión
58%
Japón 78.719 km² Hokkaido
57%
Canadá 108.860 km² Terranova
52%
Japón 227.942 km² Honshu
51%
Canadá 507.451 km² Baffin
48%
España 1.660 km² Fuerteventura
48%
Argentina y Chile 47.401 km² Tierra del Fuego
48%
Tanzania 1.658 km² Zanzíbar
48%
Yemen 3.607 km² Socotra
47%
Filipinas 109.965 km² Luzón
46%
Francia 16.648 km² Grande-Terre de Nueva Caledonia
41%
Indonesia 180.681 km² Célebes
40%
Canadá 217.291 km² Victoria
38%
Canadá 196.236 km² Ellesmere
33%
Filipinas 97.530 km² Mindanao
31%
Rusia 72.493 km² Sajalín
28%
Chile 8.478 km² Chiloé
22%
Estados Unidos 10.434 km² Hawái
22%
Guinea Ecuatorial 2.017 km² Bioko
21%
Canadá 70.028 km² Banks
20%
Reino Unido (en disputa) 6.605 km² Soledad
14%
Papúa Nueva Guinea 35.145 km² Nueva Bretaña
10%
Noruega 38.981 km² Spitsbergen
10%
Reclamada por Argentina, Chile y Reino Unido 3.500 km² Bear/Teniente González
7%
Papúa Nueva Guinea 9.318 km² Bougainville
7%
Brasil 40.100 km² Marajó
7%
Fiyi 10.531 km² Viti Levu
7%
Canadá 43.178 km² Axel Heiberg
6%
Canadá 55.247 km² Devon
6%
Rusia 47.079 km² Séverny
6%
Chile 5.556 km² Wellington
6%
Reclamada por Argentina, Chile y Reino Unido 49.070 km² Alejandro I
4%
Francia 6.617 km² Kerguelen
4%
Senegal 1.250 km² Morfil
4%
Reclamada por Argentina, Chile y Reino Unido 4.463 km² Adelaida
2%
Reclamada por Argentina, Reino Unido y parcialmente por Chile 48.873 km² Berkner
2%
Brasil 19.162 km² del Bananal
2%
Brasil 4.864 km² Gurupá
2%
Chile 5.110 km² Riesco
2%
Brasil 11.850 km² Tupinambarana
2%
Rusia 33.246 km² Yuzhny
2%
Sin reclamar 8.500 km² Carney
1%
Brasil 5.000 km² Caviana
1%
Indonesia 11.742 km² Kolopom/Yos Sudarso
1%
Reclamada por Nueva Zelanda 7.910 km² Roosevelt
1%
Sin reclamar 6.390 km² Siple
1%
Reclamada por Chile y Reino Unido 4.100 km² Spaatz
1%
Sin reclamar 15.700 km² Thurston
1%
Noruega 14.247 km² Nordaustlandted
0%
No se encontraron pruebas coincidentes
Distribución de puntuación
Porcentaje de gente con cada puntuación
Porcentaje por número respondido
Historial de tus puntuaciones
No has intentado esta prueba.